| 000 | 02322nam a2200349 4500 | ||
|---|---|---|---|
| 001 | 768714001 | ||
| 003 | CO-MdFUSB | ||
| 005 | 20260319150330.0 | ||
| 007 | ta | ||
| 008 | 240925t1975 -usab||| |||| 001 0 eng d | ||
| 020 | _a038501029X | ||
| 040 |
_bspa. _aCO-MdFUSB _cCO-MdFUSB _dCO-MdFUSBC _erda |
||
| 041 | _aeng | ||
| 082 |
_223 _a221.7 _bB689 |
||
| 100 |
_aBoling, Robert G. _eautor |
||
| 245 | 0 |
_aJudges : _bIntroduction, Translation, and Commentary _c/ Robert G. Boling |
|
| 264 | 1 |
_aGarden City, New York : _bDoubleday, _c[1975] |
|
| 264 | 4 | _c©1975 | |
| 300 |
_a338 páginas _c; 24 cm |
||
| 336 |
_2rdacontent _atexto _btxt |
||
| 337 |
_2rdamedia _asin mediación _bn |
||
| 338 |
_2rdacarrier _avolumen _bnc |
||
| 490 | _aThe Anchor Bible | ||
| 500 | _aIncluye índice, referencia bibliográfica, lista de ilustraciones y mapas. Abreviaturas principales y glosario de términos | ||
| 505 |
_gEl libro de los jueces: _tEl preludio y el comienzo. _aEl acuerdo indeciso . _tLa historia de Israel con los jueces. _aUna brecha generacional . - - El patrón del período . - - Israel: una sociedad disciplinada. _tFase uno. _aOtoniel: La idea del oficio . - - Eglón contra Aod el benjamita . - - Samgar . - - Débora y Barac . - - El cántico de Débora y Barac . - - El Mal . - - La amenaza . - - El reclutamiento de Gedeón . - - La oposición . - - La paciencia de Dios . - - Pequeña fuerza: gran victoria . - - Más allá de la liberación . - - Venganza de sangre . - - El rey de Israel y el efod de Gedeón . - - La casa . - - Abimelec . - - Dos jueces menores. _tFase dos. _aLo pasado es prólogo . - - La amenaza amonita . - - El regreso de Jefté . - - Diplomacia . - - Voto: Victoria: Tragedia . - - Jefté y Efraín . - - Tres jueces menores . - - Sansón: La promesa de su nacimiento . - - El Mensajero es para la vida . - - La vida en la frontera . - - El sol siempre sale . - - Yahvé es por la vida. _tEstudios complementarios. _aSansón: El mensaje de su muerte . - - Un santuario local . - - La migración de los danitas. _tEl fin. _aEl escándalo de Guibeá . - - Todo Israel . - - La fiesta de Silo. |
||
| 563 | _aPasta dura | ||
| 630 | 0 | 7 |
_aBiblia. _pJueces |
| 650 | 7 |
_aHermenéutica bíblica _2embne _97333 |
|
| 942 | _cBK | ||
| 945 | _aCatherine Arias Alvarez | ||
| 999 |
_c70973 _d70973 |
||